Statistiken für Alle Pokémon mit "I"

Klicken Sie hier um das Quiz zu spielen!

Allgemein

  • Dieses Quiz wurde 43 mal gespielt
  • Das Durchschnittsergebnis liegt bei 9 aus 18

Antwortstatistiken

TypPokémon% Korrekt
Feuer 🔥Igelavar
71%
Gift / FlugIksbat
71%
Wasser / StahlImpoleon
71%
Geist /PflanzeIrrbis
65%
Käfer / FeuerIgnivor
59%
Normal / FlugIbitak
53%
Psycho 🧠Icognito
47%
Pflanze 🌿Igamaro
47%
Unlicht / KampfIrokex
47%
Unlicht /PsychoIscalar
47%
Psycho 🧠Isso
47%
Pflanze 🌿Igastarnish
41%
Wasser 💧Impergator
41%
Käfer 🐛Illumise
35%
Pflanze 🌿Imantis
35%
Feuer / KäferInfernopod
35%
Wasser 💧Intelleon
35%
Gift / GeistInfamomo
6%

Verteilung der Resultate

Perzentil nach korrekt beantworteten Fragen

Anzahl Personen mit jedem Resultat

Ihre Resultats-Entwicklung

Sie haben dieses Quiz noch nicht gespielt